| 000 | 00769nam a22001817a 4500 | ||
|---|---|---|---|
| 003 | NUST | ||
| 040 | _a0 | ||
| 082 | _a621.382,MUG | ||
| 100 |
_aMughal, Muhammad Bilal _9118396 |
||
| 245 |
_aIMSI Catcher / _cGC M Bilal Mughal, GC Afaq Ahmad, GC Faraz Kanwar and GC Khan Nabi. (TCC-31 / BETE-56) |
||
| 264 |
_aRawalpindi _bMCS (NUST) _c2023 |
||
| 300 | _a86 p.; | ||
| 505 | _aIntroduction (Page-11), Literature Review (Page-22), Methodology (Page-31), Detailed Design and Architecture (Page-36), Implementation and Testing (Page-40), Results and Discussion (Page-75), Conclusion and Future Work (Page-79). | ||
| 650 |
_aUG EE Project _9118090 |
||
| 690 |
_aTCC-31 / BETE-56 _9118237 |
||
| 700 |
_aSupervised by Muhammad Imran Javaid _9132582 |
||
| 942 |
_2ddc _cPR |
||
| 999 |
_c603350 _d603350 |
||